000 00443nam a2200157 a 4500
001 000032710
005 20200930065805.0
008 110725s1929 dr 000 0 spa d
040 _aDO-SdBNP
_bspa
_cBNPHU
082 _axxx
_bR426l
110 1 _aRepública Dominicana
_9447
240 1 0 _a[Leyes, etc.]
245 1 0 _aLey de patentes.
260 _aSanto Domingo :
_bImprenta de J. R. Vda. García, Suroeste,
_c1929.
300 _a32 p. ;
_c25 cm.
999 _c32201
_d32201